000 00586nam a2200229 i 4500
001 C2-0245685
003 PPAK
005 20180727210614.0
008 030313s1951 enk |||| ||||| | eng d
040 _aPPAK
_beng
_cPPAK
_erda
082 0 4 _a823
_223
090 0 0 _a823
_bSTE
_dKSA
100 1 _aSteinbeck, John,
_eauthor
245 1 4 _aThe pastures of heaven
264 1 _aLondon :
_bCorgi ,
_c1951
300 _a126 pages ;
_c18 cm
336 _2rdacontent
_atext
337 _2rdamedia
_aunmediated
338 _2rdacarrier
_avolume
650 1 0 _aEnglish fiction
942 _ddc
_cB
999 _c59704
_d59704